Rethinking early medieval India / (Record no. 53317)

MARC details
000 -LEADER
fixed length control field 01168nam a22002537a 4500
005 - DATE AND TIME OF LATEST TRANSACTION
control field 20110608103154.0
010 ## - LCCN (DPL NO)
LC control number ENG-102719 B-454694
020 ## - INTERNATIONAL STANDARD BOOK NUMBER
International Standard Book Number 9780198070023
Terms of availability 750.00
020 ## - INTERNATIONAL STANDARD BOOK NUMBER
International Standard Book Number 0198070020
Terms of availability 750.00
035 ## - SYSTEM CONTROL NUMBER
System control number EN-86252 B-454694
037 ## - SOURCE OF ACQUISITION
Source of stock number/acquisition DBAD / PUB
037 ## - SOURCE OF ACQUISITION
Source of stock number/acquisition Blue Berry/Ven
082 ## - DEWEY DECIMAL CLASSIFICATION NUMBER
Classification number 954.02
245 ## - TITLE STATEMENT
Title Rethinking early medieval India /
Statement of responsibility, etc edited by Upinder Singh
260 ## - PUBLICATION, DISTRIBUTION, ETC. (IMPRINT)
Place of publication, distribution, etc New Delhi
Name of publisher, distributor, etc Oxford University Press
Date of publication, distribution, etc 2011
270 ## - ADDRESS
Address YMCA Library Building, Jai Singh Road
City New Delhi
Postal code 110001
300 ## - PHYSICAL DESCRIPTION
Extent xiv,354 p. :
Dimensions 22cm (Hb)
Other physical details ill
500 ## - GENERAL NOTE
General note Includes bibliographical references.
700 ## - ADDED ENTRY--PERSONAL NAME
9 (RLIN) 28520
Personal name Upinder Singh
942 ## - ADDED ENTRY ELEMENTS (KOHA)
Source of classification or shelving scheme Dewey Decimal Classification
Item type English Books
Call number suffix RET
Classification part 954.02
Holdings
Withdrawn status Lost status Not for loan Collection code Home library Current library Date acquired Source of acquisition Cost, normal purchase price Full call number Barcode Copy number Cost, replacement price Koha item type
      Non-fiction Central Library Central Library 01/08/2012 Blue Berry/7232/09.11.2011/06/15.09.2011/30.11.2011 750.00 954.02 RET B-454694 1 750.00 English Books
    Not For Loan Non-fiction D.B.Act.Division D.B.Act.Division 28/06/2011 DBAD / PUB 750.00 954.02 RET EN-86252 1 750.00 English Books

© Delhi Public Library
Hit Counter
free hit counter